| 000 | 00914nam a22002535i 4500 | ||
|---|---|---|---|
| 001 | 176584 | ||
| 003 | ES-MaACL | ||
| 005 | 20230906220128.0 | ||
| 008 | 110125s1953 sp a |||| | spa d | ||
| 080 | _a821.134.2-22"19" | ||
| 100 | 1 |
_aOrtega, Adrián. _987389 |
|
| 245 | 1 | 0 |
_aSansón y la Lila _b: farsa en tres actos / _coriginal de Adrián Ortega. |
| 260 |
_aMadrid : _b[s. n., _c1953?] |
||
| 300 |
_a67 p. ; _c17 cm. |
||
| 490 | 1 |
_aBiblioteca teatral ; _v169 |
|
| 500 | _aAnteportada ilustrada. | ||
| 500 | _aEn port. : Estrenada por la compañía de Marco Davó en el teatro Cómico, de Madrid, el día 27 de junio de 1952. | ||
| 500 | _aEncuadernado con otros títulos. | ||
| 597 | _aEn el lomo: 168-173. | ||
| 700 | 1 |
_aÁlvarez Quintero, Joaquín, _d1873-1944 _920922 |
|
| 830 | 0 |
_aBiblioteca teatral ; _v169 _9190120 |
|
| 852 |
_aES-MaACL _jE-14128 (169) _xOlim P-302 |
||
| 999 |
_c176584 _d176584 |
||